|
|
|
|
| LEADER |
00000nab a2200000 a 4500 |
| 001 |
vtls008963183 |
| 003 |
SK-MaSNL |
| 005 |
20260303070742.0 |
| 008 |
140303c2007 xo wrzp 0 0slo |
| 015 |
|
|
|a SNBRB2007/04
|2 snkbucl
|
| 040 |
|
|
|a SNKBUCL
|b slo
|c SNKBUCL
|e AACR2
|
| 041 |
0 |
|
|a slo
|
| 044 |
|
|
|a xo
|c SK
|
| 080 |
|
|
|a 616-002.5-084
|2 1997
|
| 100 |
1 |
|
|a Solovič, Ivan,
|d 1966-
|4 aut
|9 189359
|
| 245 |
1 |
0 |
|a Svetový deň boja proti tuberkulóze
|b mikrobiológ Robert Koch: Keby sa význam choroby meral počtom obetí, aj mor a cholera by zostali ďaleko za TBC
|c Ivan Solovič, Jana Švecová
|
| 300 |
|
|
|a Graf
|
| 611 |
2 |
7 |
|a Svetový deň boja proti tuberkulóze
|2 snkbucl
|9 1068600
|
| 650 |
0 |
7 |
|a tuberkulóza
|2 snkbucl
|9 2610
|
| 700 |
1 |
|
|a Švecová, Jana
|4 aut
|9 374415
|
| 773 |
0 |
|
|t Zdravotnícke noviny
|g Roč. XII, č. 12 (2007), s. 14
|x 1335-4477
|
| 852 |
|
|
|a SNK
|b KIS3GCP
|
| 958 |
|
|
|a MI
|
| 958 |
|
|
|a SK
|
| 999 |
|
|
|c 1756775
|d 1758705
|